| 000 | 00640nam a2200193Ia 4500 | ||
|---|---|---|---|
| 005 | 20260429112323.0 | ||
| 008 | 260429s9999||||xx |||||||||||||| ||und|| | ||
| 020 | _a8177143123 | ||
| 041 | _aHindi | ||
| 082 |
_a891.432 _bSIN |
||
| 100 | _aसिंह, ओमप्रकाश | ||
| 245 | 0 |
_aभारतेंद्रु हरिश्चंद्र ग्रंथावली / _cओमप्रकाश सिंह |
|
| 250 | _arep. | ||
| 260 |
_aनई दिल्ली : _bप्रकाशन संस्थान, _c2022. |
||
| 300 | _a451 p.; hb | ||
| 440 | _vVol. 4 | ||
| 650 | _aHindi Literature | ||
| 942 | _cTB | ||
| 999 |
_c53482 _d53482 |
||